00773cam a2200205 a 4500001001000000003000900010005001700019008004100036040002500077100003800102245010300140260004700243300003400290504003200324700003100356910003400387942001400421952011500435999001700550000017564DO-SdBNP20250702103551.0711105s1971 ja a 000 1 eng d aDO-SdBNPbspacBNPHU1 aUeda, Akinari,d1734-1809.93832210aTales of moonlight and rain :bjapanese gothic tales /cUyeda Akinari ; traducción Kengi Hamada. aTokyo :bUniversity of Tokyo Press,c1971. axxix, 150 p. :bil. ;c24 cm. aBibliografía: p. 149-150.1 aHamada, Kengi,etr.938325 aCatalogación por copia / LC 2ddccLBS1 001054708MOaGRbGRcCTd2010-03-26iLF1l0oU22t p17564-10r2020-06-25w2020-06-25y4ZPréstamo en sala c17089d17089